Visualizzazione normale
Vista MARC
- Iglesia Católica
di Corporate Name
Records bibliografici associati: 1
001 - CONTROL NUMBER
- control field: 62383
003 - CONTROL NUMBER IDENTIFIER
- control field: IT-RoINE
005 - DATE AND TIME OF LATEST TRANSACTION
- control field: 20200416101712.0
008 - FIXED-LENGTH DATA ELEMENTS
- fixed length control field: 190912|| aca||aabn | a|a d
040 ## - CATALOGING SOURCE
- Original cataloging agency: IT-RoINE
- Transcribing agency: IT-RoINE
110 2# - HEADING--CORPORATE NAME
- Corporate name or jurisdiction name as entry element: Iglesia Católica
- General subdivision: Historia
- Chronological subdivision: Siglo 11o.
- General subdivision: Fuentes
670 ## - SOURCE DATA FOUND
- Source citation: Work cat.: (IT-RoINE)0: Papsturkunden 896-1046 /, 1984-1989.